[Event "20th EUR-ch"]
[Site "Skopje MKD"]
[Date "2019.03.27"]
[Round "9"]
[White "Tate, Alan"]
[Black "Parvanian, Ashot"]
[Result "1-0"]
[WhiteElo "2306"]
[BlackElo "2426"]
[EventDate "2019.03.18"]
[Board "119"]
[PlyCount "139"]

1.Nf3 Nf6 2.g3 g6 3.b3 Bg7 4.Bb2 O-O 5.Bg2 d5 6.c4 Nc6 7.cxd5 Qxd5 8.Nc3 
Qh5 9.h3 Rd8 10.Rc1 Qa5 11.Na4 Ne4 12.Bxg7 Kxg7 13.Qc2 Nf6 14.Qb2 Qd5 15.
d3 Qd6 16.O-O e5 17.Rc5 Nd7 18.Rcc1 Nd4 19.Nxd4 exd4 20.b4 c6 21.e4 a5 22.
b5 Qb4 23.bxc6 bxc6 24.Qc2 Ba6 25.Rfd1 Bb5 26.Nc5 Nxc5 27.Qxc5 Qxc5 28.
Rxc5 a4 29.a3 f6 30.f4 Rac8 31.Kf2 Rd6 32.Ke1 Ba6 33.Ra5 Bb5 34.Ra7+ Kg8 
35.Kd2 Rdd8 36.Re1 Ra8 37.Rxa8 Rxa8 38.e5 f5 39.Rc1 Rc8 40.Bd5+ Kf8 41.g4 
Re8 42.Bxc6 Bxc6 43.Rxc6 Rb8 44.gxf5 gxf5 45.Rc4 Rb2+ 46.Kc1 Rb3 47.Rxd4 
Rxa3 48.Kb2 Rb3+ 49.Kc2 Ra3 50.Kb2 Rb3+ 51.Kc2 Ra3 52.Rd8+ Kf7 53.Rd7+ Kg6
54.Rd6+ Kf7 55.Rf6+ Ke7 56.Rxf5 Ra2+ 57.Kc3 Rf2 58.Rh5 Rxf4 59.Rxh7+ Ke6 
60.d4 Kd5 61.Rd7+ Kc6 62.Ra7 Kb5 63.Rb7+ Kc6 64.Rb4 Kd5 65.Rb5+ Kc6 66.Ra5
Rf3+ 67.Kc4 a3 68.h4 Kb6 69.Ra4 Rh3 70.h5 1-0

[Event "20th EUR-ch"]
[Site "Skopje MKD"]
[Date "2019.03.27"]
[Round "9"]
[White "Milosevic, Milos"]
[Black "Arsovic, Zoran"]
[Result "1-0"]
[WhiteElo "2299"]
[BlackElo "2422"]
[EventDate "2019.03.18"]
[Board "120"]
[PlyCount "129"]

1.e4 c5 2.Nc3 e6 3.Nge2 d6 4.g3 Nf6 5.Bg2 Be7 6.O-O O-O 7.d3 Nc6 8.f4 Rb8 
9.h3 d5 10.e5 Nd7 11.g4 b5 12.Ng3 c4 13.g5 cxd3 14.cxd3 Bb7 15.h4 b4 16.
Nce2 d4 17.Ne4 Nb6 18.N2g3 Nd5 19.Nh5 Kh8 20.Qg4 Rg8 21.Qh3 Ne3 22.Bxe3 
dxe3 23.Qxe3 Qd7 24.Rac1 Rgd8 25.Rfd1 b3 26.axb3 Ba8 27.Nd2 Nd4 28.Bxa8 
Rxa8 29.Ng3 Bb4 30.Nde4 Nxb3 31.Rc4 Rab8 32.h5 Qd5 33.Qxa7 Ba5 34.Kh2 Bb6 
35.Qe7 Rd7 36.Qa3 Nd4 37.Qc3 Nb5 38.Qc1 Rbd8 39.Kh3 h6 40.gxh6 Rg8 41.Rc8 
Rxc8 42.Qxc8+ Rd8 43.hxg7+ Kxg7 44.Qc2 Kh8 45.Ng5 Nd4 46.Qg2 Qxg2+ 47.Kxg2
Rc8 48.Nxf7+ Kg7 49.Ng5 Rc2+ 50.Kh3 Rf2 51.Rf1 Rd2 52.Kg4 Rg2 53.Rh1 Kh6 
54.Rh3 Ne2 55.Ne4 Nd4 56.b4 Rg1 57.Rh1 Rg2 58.Kh3 Rb2 59.Ng5 Rd2 60.Kg4 
Rg2 61.Ne4 Rb2 62.Ra1 Rxb4 63.Ra8 Nc2 64.Rb8 Ne3+ 65.Kf3 1-0

[Event "20th EUR-ch"]
[Site "Skopje MKD"]
[Date "2019.03.27"]
[Round "9"]
[White "Gueci, Tea"]
[Black "Piesik, Piotr"]
[Result "0-1"]
[WhiteElo "2252"]
[BlackElo "2420"]
[EventDate "2019.03.18"]
[Board "121"]
[PlyCount "80"]

1.e4 c5 2.Nf3 d6 3.d4 cxd4 4.Nxd4 Nf6 5.Nc3 a6 6.h3 e6 7.g4 Be7 8.g5 Nfd7 
9.Be3 b5 10.a3 Bb7 11.h4 Nc6 12.Qd2 Rc8 13.Nxc6 Rxc6 14.O-O-O Ne5 15.f4 
Nc4 16.Bxc4 Rxc4 17.Bd4 O-O 18.h5 e5 19.Be3 Bxe4 20.Nxe4 Rxe4 21.Kb1 Qc8 
22.g6 Qe6 23.f5 Qxf5 24.h6 fxg6 25.Qd5+ Rf7 26.Rdf1 Rf4 27.Bxf4 exf4 28.
Qa8+ Bf8 29.hxg7 Kxg7 30.Qxa6 g5 31.Rh5 Kg6 32.Rh2 f3 33.Qb6 g4 34.Qf2 h5 
35.Rfh1 Rh7 36.Qd4 Be7 37.Rg1 Rf7 38.Qh8 Bf6 39.Qg8+ Bg7 40.Qd8 Qe5 0-1

[Event "20th EUR-ch"]
[Site "Skopje MKD"]
[Date "2019.03.27"]
[Round "9"]
[White "Hnydiuk, Aleksander"]
[Black "Ingebretsen, Jens E"]
[Result "0-1"]
[WhiteElo "2417"]
[BlackElo "2243"]
[EventDate "2019.03.18"]
[Board "122"]
[PlyCount "146"]

1.d4 Nf6 2.c4 e6 3.g3 d5 4.Nf3 dxc4 5.Bg2 Nc6 6.Qa4 Nd7 7.Qxc4 Nb6 8.Qb5 
a6 9.Qd3 e5 10.Nxe5 Nb4 11.Qc3 Qxd4 12.Qxd4 Nc2+ 13.Kd1 Nxd4 14.Be3 Nb5 
15.Bxb6 cxb6 16.Nd2 Nd6 17.e3 g6 18.Ke2 Be6 19.Rac1 Rd8 20.b3 Bg7 21.Nec4 
Nb5 22.Bxb7 Nc3+ 23.Rxc3 Bxc3 24.Bxa6 Ke7 25.Bb5 Rd5 26.a4 Bxd2 27.Nxd2 
Rhd8 28.Nc4 Rd3 29.Rb1 Rc3 30.Rb2 f6 31.Nxb6 Bxb3 32.e4 f5 33.Nd5+ Bxd5 
34.exd5 Rxd5 35.Rd2 Rxd2+ 36.Kxd2 Ra3 37.Ke2 Kf6 38.Kf1 f4 39.gxf4 Kf5 40.
Kg2 Kxf4 41.Bc6 h5 42.Be8 h4 43.h3 g5 44.Bd7 Ke4 45.Bc6+ Kd4 46.Bd7 Kc4 
47.Bb5+ Kb4 48.Be8 Rc3 49.Bd7 Ra3 50.Be8 Kc4 51.Bb5+ Kd4 52.Bd7 Ke5 53.Bb5
Kf5 54.Bc6 Kf4 55.Bd7 Rd3 56.Bb5 Rc3 57.Bd7 Ra3 58.Bb5 Ke4 59.Bc6+ Kd3 60.
Kf3 Rc3 61.Bd7 Rc5 62.Kg4 Ke2 63.f4 gxf4 64.Kxf4 Kf2 65.Bb5 Rd5 66.Ke4 Rg5
67.Kd4 Kg3 68.Bd7 Rg7 69.Bc6 Kxh3 70.Be8 Kg3 71.Kc5 h3 72.Kb5 Rc7 73.Kb6 
Re7 0-1

[Event "20th EUR-ch"]
[Site "Skopje MKD"]
[Date "2019.03.27"]
[Round "9"]
[White "Petkov, Momchil"]
[Black "Semjonovs, Ilja"]
[Result "1/2-1/2"]
[WhiteElo "2296"]
[BlackElo "2401"]
[EventDate "2019.03.18"]
[Board "123"]
[PlyCount "128"]

1.d4 Nf6 2.Bg5 g6 3.Bxf6 exf6 4.c4 Bg7 5.Nc3 O-O 6.e3 f5 7.g3 d6 8.Bg2 c6 
9.Nge2 Nd7 10.O-O Nf6 11.b4 Be6 12.Qd3 Rc8 13.Nf4 Bd7 14.a4 a5 15.b5 g5 
16.Nfe2 Qb6 17.Bh3 Ne4 18.Rab1 Qc7 19.Rfc1 Rfe8 20.bxc6 bxc6 21.Bg2 Nxc3 
22.Rxc3 Rb8 23.Rcb3 Rxb3 24.Qxb3 c5 25.Bd5 Be6 26.Qb5 Rd8 27.Bxe6 fxe6 28.
Qa6 Rb8 29.Rb5 cxd4 30.exd4 Rf8 31.Rb7 Qd8 32.c5 dxc5 33.Qxe6+ Kh8 34.dxc5
f4 35.f3 fxg3 36.hxg3 Re8 37.Qd7 Qxd7 38.Rxd7 Rc8 39.c6 Bf8 40.Rd5 Rxc6 
41.Rxa5 Rc2 42.Kf1 Ra2 43.f4 gxf4 44.gxf4 Bd6 45.Ra6 Bc5 46.Ra5 Be3 47.Re5
Bxf4 48.Nxf4 Rxa4 49.Ne2 Kg7 50.Kf2 Kf6 51.Rb5 Kg6 52.Kf3 Ra3+ 53.Kf2 Ra2 
54.Kf3 Ra3+ 55.Kf4 Ra4+ 56.Kg3 Ra3+ 57.Kh4 Ra4+ 58.Kh3 Ra3+ 59.Ng3 h5 60.
Kg2 h4 61.Nh5 h3+ 62.Kh2 Kf7 63.Ng3 Ke6 64.Kxh3 Ra4 1/2-1/2

[Event "20th EUR-ch"]
[Site "Skopje MKD"]
[Date "2019.03.27"]
[Round "9"]
[White "Heinemann, Josefine"]
[Black "Erenberg, Ariel"]
[Result "0-1"]
[WhiteElo "2238"]
[BlackElo "2394"]
[EventDate "2019.03.18"]
[Board "124"]
[PlyCount "80"]

1.e4 c5 2.Nf3 Nc6 3.Bb5 g6 4.Bxc6 dxc6 5.d3 Bg7 6.h3 Nf6 7.O-O O-O 8.Be3 
b6 9.a3 a5 10.Nbd2 Nd7 11.Qb1 h6 12.Qa2 e5 13.Nh2 Qe7 14.Nc4 b5 15.Nd2 Kh7
16.Rae1 Nf6 17.a4 Be6 18.b3 Nd7 19.Nb1 Rfb8 20.Nc3 c4 21.bxc4 bxc4 22.Qa1 
cxd3 23.cxd3 Nc5 24.Bxc5 Qxc5 25.Rc1 Rb3 26.Nf3 Qd6 27.Nd1 Qxd3 28.Rc3 
Rxc3 29.Nxc3 Rb8 30.Rd1 Qc2 31.Ne1 Qb2 32.Nd3 Qxa1 33.Rxa1 Rb3 34.Rc1 Bf8 
35.Kf1 Ba3 36.Rc2 Bb4 37.Nxb4 axb4 38.Nd1 Rb1 39.Ke2 Bb3 40.Rd2 Bxa4 0-1

[Event "20th EUR-ch"]
[Site "Skopje MKD"]
[Date "2019.03.27"]
[Round "9"]
[White "Di Benedetto, Edoardo"]
[Black "Jandric, Damjan"]
[Result "1-0"]
[WhiteElo "2394"]
[BlackElo "2171"]
[EventDate "2019.03.18"]
[Board "125"]
[PlyCount "81"]

1.d4 Nf6 2.c4 g6 3.g3 Bg7 4.Bg2 O-O 5.Nf3 d6 6.O-O c6 7.Nc3 Qb6 8.b3 e5 9.
dxe5 dxe5 10.e4 Bg4 11.Be3 Qc7 12.Qc2 Bxf3 13.Bxf3 Nbd7 14.Rad1 Rfe8 15.
Na4 Nf8 16.Bc5 Ne6 17.Bd6 Qc8 18.Bxe5 Ng5 19.Bg2 Rxe5 20.f4 Ng4 21.fxe5 
Ne3 22.Qd2 Bh6 23.Qd7 Nxf1 24.Qxc8+ Rxc8 25.Kxf1 Rc7 26.Nc5 Bf8 27.Nd7 Be7
28.Nf6+ Kh8 29.h4 Ne6 30.Bh3 b6 31.Ke2 Ng7 32.b4 a6 33.a4 Ne6 34.Ne8 Ra7 
35.Nd6 Bf8 36.Nc8 Rc7 37.Bxe6 fxe6 38.Rd8 Kg7 39.Nd6 Ra7 40.Rb8 a5 41.b5 
1-0

[Event "20th EUR-ch"]
[Site "Skopje MKD"]
[Date "2019.03.27"]
[Round "9"]
[White "Saraci, Nderim"]
[Black "Maloberti, David"]
[Result "1/2-1/2"]
[WhiteElo "2391"]
[BlackElo "2113"]
[EventDate "2019.03.18"]
[Board "126"]
[PlyCount "93"]

1.d4 Nf6 2.Bf4 g6 3.Nc3 d5 4.e3 c6 5.Nf3 Bg7 6.Bd3 Qb6 7.a3 Bg4 8.O-O O-O 
9.Na4 Qd8 10.Be2 Ne4 11.h3 Be6 12.Nd2 Nxd2 13.Qxd2 Nd7 14.Nc3 Nf6 15.Bd3 
b5 16.a4 a6 17.Na2 Ne4 18.Qe1 Qd7 19.Nc1 c5 20.axb5 axb5 21.Rxa8 Rxa8 22.
f3 g5 23.Be5 f6 24.Bh2 c4 25.fxe4 cxd3 26.exd5 Qxd5 27.Nxd3 Qc4 28.Nc5 Bd5
29.Rf2 Bc6 30.b3 Qd5 31.Qf1 e5 32.c4 bxc4 33.bxc4 Qd6 34.Qb1 Qe7 35.Bg3 
exd4 36.exd4 f5 37.Qxf5 Bxd4 38.Ne6 Bxf2+ 39.Bxf2 Ra1+ 40.Kh2 Ra2 41.Kg1 
Ra1+ 42.Kh2 Ra2 43.Kg1 Ra1+ 44.Kh2 Rf1 45.Nd4 Qd6+ 46.Bg3 Rxf5 47.Bxd6 
1/2-1/2

[Event "20th EUR-ch"]
[Site "Skopje MKD"]
[Date "2019.03.27"]
[Round "9"]
[White "Di Benedetto, Desiree"]
[Black "Badelka, Olga"]
[Result "0-1"]
[WhiteElo "2236"]
[BlackElo "2384"]
[EventDate "2019.03.18"]
[Board "127"]
[PlyCount "50"]

1.d4 Nf6 2.c4 c5 3.d5 b5 4.cxb5 a6 5.e3 g6 6.Nc3 Bg7 7.Nf3 Bb7 8.a4 O-O 9.
Be2 e6 10.e4 axb5 11.Bxb5 exd5 12.exd5 Re8+ 13.Be3 Ng4 14.O-O Nxe3 15.fxe3
Na6 16.e4 Nc7 17.Bd3 d6 18.Qd2 Qe7 19.a5 Na6 20.Qf4 Nb4 21.Bc4 Ba6 22.Bxa6
Nxa6 23.Ng5 Qb7 24.Qh4 h6 25.Nf3 Qxb2 0-1

[Event "20th EUR-ch"]
[Site "Skopje MKD"]
[Date "2019.03.27"]
[Round "9"]
[White "Kaasen, Tor Fredrik"]
[Black "Dinev, Dejan"]
[Result "1-0"]
[WhiteElo "2383"]
[BlackElo "2239"]
[EventDate "2019.03.18"]
[Board "128"]
[PlyCount "129"]

1.e4 c5 2.Nf3 e6 3.d4 cxd4 4.Nxd4 Nf6 5.Nc3 d6 6.g4 h6 7.Be3 Nc6 8.Rg1 Bd7
9.Ndb5 Qb8 10.f4 a6 11.Nd4 b5 12.g5 hxg5 13.fxg5 Nh5 14.Nxc6 Bxc6 15.g6 
Qb7 16.Qd4 b4 17.gxf7+ Kxf7 18.Ne2 Bxe4 19.c4 e5 20.Qd2 d5 21.cxd5 Qxd5 
22.Rc1 Qxd2+ 23.Bxd2 Be7 24.Bg5 Bxg5 25.Rxg5 Rae8 26.Rc7+ Kf6 27.Rg4 Nf4 
28.Ng3 Bf3 29.Rgxg7 Rxh2 30.Bc4 Rf8 31.Rge7 Kg5 32.Rg7+ Kh4 33.Rh7+ Kxg3 
34.Rcg7+ Bg4 35.Rxh2 Kxh2 36.Rxg4 a5 37.Rg7 e4 38.Bf1 Rc8 39.Kd2 Nd5 40.
Rg2+ Kh1 41.Rg5 Rd8 42.Ke2 Kh2 43.Rg2+ Kh1 44.Rg4 Re8 45.Rg5 Nf6 46.Rxa5 
Rc8 47.Kd2 Kg1 48.Be2 Rc6 49.Rf5 Kg2 50.Ke3 Kg3 51.Bd1 Re6 52.Be2 Rc6 53.
Bb5 Re6 54.Bc4 Ng4+ 55.Kd4 e3 56.Be2 Rd6+ 57.Rd5 Rxd5+ 58.Kxd5 Nh2 59.Kc5 
Kf2 60.Bb5 Nf3 61.Kxb4 Ne5 62.Ba6 Kf3 63.a4 Ke4 64.Kc3 Kd5 65.b4 1-0

[Event "20th EUR-ch"]
[Site "Skopje MKD"]
[Date "2019.03.27"]
[Round "9"]
[White "Gunduz, Umut Erdem"]
[Black "Plenkovic, Zdenko"]
[Result "0-1"]
[WhiteElo "2205"]
[BlackElo "2383"]
[EventDate "2019.03.18"]
[Board "129"]
[PlyCount "74"]

1.e4 c5 2.Nf3 Nc6 3.d4 cxd4 4.Nxd4 Qb6 5.Nb3 Nf6 6.Nc3 e6 7.Be3 Qc7 8.a3 
a6 9.f4 d6 10.Qf3 Nd7 11.O-O-O Rb8 12.g4 g5 13.f5 Nde5 14.Qh3 b5 15.Bxg5 
Rg8 16.Be3 b4 17.axb4 Nxb4 18.Qxh7 Rg7 19.Qh8 Nxg4 20.Rg1 Na2+ 21.Nxa2 
Nxe3 22.Bd3 Rxb3 23.Kd2 Qa5+ 24.Ke2 Rxd3 25.cxd3 Nxf5 26.Rxg7 Nxg7 27.Nc3 
Qb6 28.Rd2 Qg1 29.d4 Bd7 30.Kd3 Qg6 31.d5 e5 32.Re2 Nh5 33.Kc2 Ke7 34.h4 
Be8 35.Rf2 Bg7 36.Qg8 Nf6 37.Rxf6 Qxf6 0-1

[Event "20th EUR-ch"]
[Site "Skopje MKD"]
[Date "2019.03.27"]
[Round "9"]
[White "Isik, Alparslan"]
[Black "Erdogdu, Mert"]
[Result "1/2-1/2"]
[WhiteElo "2180"]
[BlackElo "2413"]
[EventDate "2019.03.18"]
[Board "131"]
[PlyCount "50"]

1.Nf3 Nf6 2.c4 c5 3.Nc3 e6 4.g3 b6 5.Bg2 Bb7 6.O-O Be7 7.d4 cxd4 8.Qxd4 d6
9.Bg5 a6 10.Bxf6 Bxf6 11.Qd3 Ra7 12.Rfd1 Be7 13.Ne4 Bxe4 14.Qxe4 O-O 15.
Nd4 Rc7 16.b3 Rc5 17.a4 Qc7 18.Qe3 Kh8 19.Rac1 Rc8 20.Rb1 Nd7 21.Qf3 Kg8 
22.Qb7 Nb8 23.Qa8 Bf6 24.Qb7 Qxb7 25.Bxb7 R8c7 1/2-1/2

[Event "20th EUR-ch"]
[Site "Skopje MKD"]
[Date "2019.03.27"]
[Round "9"]
[White "Tifferet, Shaked"]
[Black "Fernandes, Antonio"]
[Result "1-0"]
[WhiteElo "2219"]
[BlackElo "2405"]
[EventDate "2019.03.18"]
[Board "132"]
[PlyCount "31"]

1.e4 c6 2.d4 d5 3.Nc3 dxe4 4.Nxe4 Nd7 5.Ng5 Ndf6 6.Bc4 e6 7.Ne2 Nd5 8.O-O 
Be7 9.Nf3 Ngf6 10.a3 O-O 11.Bd3 b5 12.h3 b4 13.axb4 Bxb4 14.Ba6 Nb6 15.c3 
Be7 16.Ne5 1-0

[Event "20th EUR-ch"]
[Site "Skopje MKD"]
[Date "2019.03.27"]
[Round "9"]
[White "Duzhakov, Ilya"]
[Black "Sahin, Ozgun"]
[Result "1-0"]
[WhiteElo "2405"]
[BlackElo "2221"]
[EventDate "2019.03.18"]
[Board "133"]
[PlyCount "49"]

1.d4 g6 2.e4 Bg7 3.Nc3 d6 4.Be3 Nd7 5.Qd2 a6 6.h4 h6 7.O-O-O b5 8.Kb1 Ngf6
9.f3 Nb6 10.Bd3 Nfd7 11.f4 b4 12.Nce2 c5 13.dxc5 dxc5 14.e5 Qc7 15.c4 a5 
16.Ng3 Ba6 17.Qc2 O-O-O 18.Nf3 e6 19.Ne4 Kb8 20.Rd2 Ka7 21.Re1 f6 22.exf6 
Nxf6 23.Nxc5 Bc8 24.Na4 Nd7 25.Bxg6 1-0

[Event "20th EUR-ch"]
[Site "Skopje MKD"]
[Date "2019.03.27"]
[Round "9"]
[White "Stoinev, Metodi"]
[Black "Gadimbayli, Abdulla"]
[Result "0-1"]
[WhiteElo "2215"]
[BlackElo "2404"]
[EventDate "2019.03.18"]
[Board "134"]
[PlyCount "80"]

1.e4 e6 2.d4 d5 3.Nd2 c5 4.Ngf3 cxd4 5.Nxd4 Nc6 6.Bb5 Bd7 7.Nxc6 bxc6 8.
Bd3 Qc7 9.Qe2 Ne7 10.O-O Ng6 11.Nf3 Bd6 12.c4 O-O 13.Re1 Rab8 14.e5 Be7 
15.Bg5 Qd8 16.Bxe7 Qxe7 17.Bxg6 hxg6 18.Red1 Bc8 19.Nd4 Bb7 20.Rac1 c5 21.
Nb5 Bc6 22.Nd6 d4 23.Rd3 Bxg2 24.f4 Ba8 25.b3 Qh4 26.Rf1 Rbd8 27.Rg3 Qe7 
28.Rg5 Rd7 29.h4 Rxd6 30.exd6 Qxd6 31.h5 d3 32.Qe5 Qc6 33.Qe3 Rd8 34.hxg6 
d2 35.gxf7+ Kxf7 36.Kf2 d1=Q 37.Rxd1 Rxd1 38.f5 e5 39.Qg3 Qf6 40.Ke2 Rd4 
0-1

[Event "20th EUR-ch"]
[Site "Skopje MKD"]
[Date "2019.03.27"]
[Round "9"]
[White "Arsovic, Goran"]
[Black "Uzumcu, Ahmet Utku"]
[Result "1-0"]
[WhiteElo "2380"]
[BlackElo "2211"]
[EventDate "2019.03.18"]
[Board "135"]
[PlyCount "61"]

1.d4 Nf6 2.Nf3 g6 3.c4 Bg7 4.g3 d5 5.cxd5 Nxd5 6.Bg2 Nb6 7.Nc3 Nc6 8.e3 
O-O 9.O-O Re8 10.a3 e5 11.d5 Na5 12.Qc2 c6 13.b4 Nac4 14.dxc6 bxc6 15.Rd1 
Qe7 16.Ne4 Bg4 17.h3 Bxf3 18.Bxf3 f5 19.Be2 Nxe3 20.Bxe3 fxe4 21.Qxc6 Qe6 
22.Qxe6+ Rxe6 23.Rac1 Ree8 24.Bb5 Rec8 25.Bc6 Rab8 26.Bxe4 Rxc1 27.Rxc1 
Rc8 28.Rxc8+ Nxc8 29.Bb7 Nd6 30.Bd5+ Kh8 31.Bxa7 1-0

[Event "20th EUR-ch"]
[Site "Skopje MKD"]
[Date "2019.03.27"]
[Round "9"]
[White "Van Dael, Siem"]
[Black "Lewtak, Damian"]
[Result "1/2-1/2"]
[WhiteElo "2207"]
[BlackElo "2379"]
[EventDate "2019.03.18"]
[Board "136"]
[PlyCount "46"]

1.e4 e6 2.d4 d5 3.Nc3 dxe4 4.Nxe4 Bd7 5.Nf3 Bc6 6.Bd3 Nd7 7.Qe2 Ngf6 8.Bd2
Bxe4 9.Bxe4 Nxe4 10.Qxe4 c6 11.O-O Be7 12.Rad1 O-O 13.Rfe1 Qb6 14.Bc1 Rad8
15.c3 c5 16.Qc2 Nf6 17.dxc5 Bxc5 18.Rxd8 Rxd8 19.Be3 Bxe3 20.Rxe3 h6 21.h3
Nd5 22.Re4 Nf6 23.Rd4 Rxd4 1/2-1/2

[Event "20th EUR-ch"]
[Site "Skopje MKD"]
[Date "2019.03.27"]
[Round "9"]
[White "Ayats Llobera, Gerard"]
[Black "Schnabel, Ralf"]
[Result "1-0"]
[WhiteElo "2377"]
[BlackElo "2205"]
[EventDate "2019.03.18"]
[Board "137"]
[PlyCount "87"]

1.e4 c5 2.Nf3 d6 3.d4 cxd4 4.Qxd4 Nc6 5.Qe3 Nf6 6.c4 g6 7.h3 Bg7 8.Nc3 O-O
9.Be2 Nb4 10.Qd2 a5 11.O-O Bd7 12.Rd1 Bc6 13.a3 Na6 14.Qc2 Qc7 15.Nd5 Bxd5
16.exd5 Nc5 17.Bf4 a4 18.Nd4 Nfd7 19.Nb5 Qb6 20.Be3 Qd8 21.Re1 Nb3 22.Rad1
Ndc5 23.h4 Qd7 24.Bf3 h5 25.Bg5 Rae8 26.Re3 f5 27.Rde1 Rf6 28.Bxf6 Bxf6 
29.g3 Nd4 30.Nxd4 Bxd4 31.R3e2 Bf6 32.Bg2 b5 33.cxb5 Qxb5 34.Bf1 Qb7 35.
Qc4 Kf7 36.Rc2 Rb8 37.Qf4 Qa7 38.Ree2 Rb3 39.Re3 Rxb2 40.Rxb2 Bxb2 41.Bb5 
Bc1 42.Qh6 Bb2 43.Qh7+ Bg7 44.Be8+ 1-0

[Event "20th EUR-ch"]
[Site "Skopje MKD"]
[Date "2019.03.27"]
[Round "9"]
[White "Ongut, Tamas Gunes"]
[Black "Jackson, James P"]
[Result "0-1"]
[WhiteElo "2197"]
[BlackElo "2377"]
[EventDate "2019.03.18"]
[Board "138"]
[PlyCount "57"]

1.e4 e5 2.Nf3 Nc6 3.Bb5 a6 4.Ba4 Nf6 5.O-O Be7 6.d3 b5 7.Bb3 d6 8.a3 Na5 
9.Ba2 c5 10.Nc3 Nc6 11.Bg5 O-O 12.Bxf6 Bxf6 13.Nd5 Be6 14.b4 g6 15.Qd2 Nd4
16.Nxd4 cxd4 17.c3 Bg5 18.Qb2 dxc3 19.Qxc3 Rc8 20.Qb2 Rc6 21.a4 Qc8 22.
axb5 axb5 23.Bb3 Bxd5 24.Bxd5 Rc2 25.Qb3 Rc3 26.Qd1 Qc7 27.d4 Bf6 28.dxe5 
dxe5 29.Qe2 0-1

[Event "20th EUR-ch"]
[Site "Skopje MKD"]
[Date "2019.03.27"]
[Round "9"]
[White "Martinkus, Rolandas"]
[Black "Krstulovic, Alex"]
[Result "0-1"]
[WhiteElo "2185"]
[BlackElo "2351"]
[EventDate "2019.03.18"]
[Board "139"]
[PlyCount "74"]

1.d4 d5 2.c4 c6 3.Nf3 Nf6 4.Nbd2 Bf5 5.Nh4 Be4 6.f3 Bg6 7.Qb3 Qc7 8.e4 
dxe4 9.Nxg6 hxg6 10.fxe4 e5 11.Nf3 Nbd7 12.Be3 Ng4 13.O-O-O Nxe3 14.Qxe3 
Be7 15.Qc3 exd4 16.Qxd4 Nc5 17.e5 Qa5 18.e6 O-O 19.exf7+ Rxf7 20.Bd3 Qxa2 
21.Bc2 Rd8 22.Qxd8+ Bxd8 23.Rxd8+ Rf8 24.Rxf8+ Kxf8 25.Nd2 Qa1+ 26.Nb1 Na4
27.Rf1+ Kg8 28.b3 Qb2+ 29.Kd2 Qd4+ 30.Kc1 Nc5 31.Rd1 Qf4+ 32.Kb2 Qxh2 33.
Bxg6 Qxg2+ 34.Bc2 Qg5 35.Nd2 Qf6+ 36.Ka2 Na6 37.Ne4 Nb4+ 0-1

[Event "20th EUR-ch"]
[Site "Skopje MKD"]
[Date "2019.03.27"]
[Round "9"]
[White "Oboladze, Luka"]
[Black "Milikow, Yoav"]
[Result "1/2-1/2"]
[WhiteElo "2340"]
[BlackElo "2200"]
[EventDate "2019.03.18"]
[Board "140"]
[PlyCount "107"]

1.e4 e6 2.d4 d5 3.Nd2 c5 4.exd5 exd5 5.Ngf3 Nc6 6.Bb5 Qe7+ 7.Qe2 Qxe2+ 8.
Kxe2 a6 9.Bxc6+ bxc6 10.dxc5 Bxc5 11.Nb3 Bd6 12.Be3 Ne7 13.Kd2 a5 14.a4 
Rb8 15.Bd4 Nf5 16.Be5 Kd7 17.Nxa5 f6 18.Bxd6 Nxd6 19.Kc1 Ne4 20.Nd4 c5 21.
f3 Ng5 22.Ne2 Ne6 23.Nc3 Ra8 24.Nb3 Bb7 25.Rd1 d4 26.Ne4 Bxe4 27.fxe4 Rhb8
28.Ra3 Rb4 29.a5 Kc6 30.Nd2 Nf4 31.c3 dxc3 32.bxc3 Rbb8 33.Nc4 Kb5 34.Nd6+
Kc6 35.Nf5 c4 36.Rd6+ Kc7 37.Rd2 Nd3+ 38.Kd1 Rb1+ 39.Ke2 Re8 40.Ng3 f5 41.
Ra4 Re1+ 42.Kf3 fxe4+ 43.Kg4 Kb7 44.Re2 Rxe2 45.Nxe2 Rf8 46.a6+ Ka8 47.Kg3
Rf6 48.Rxc4 Rg6+ 49.Kh4 Rxg2 50.Rxe4 Rxh2+ 51.Kg3 Rh3+ 52.Kg2 Rh6 53.Re8+ 
Ka7 54.Re7+ 1/2-1/2

[Event "20th EUR-ch"]
[Site "Skopje MKD"]
[Date "2019.03.27"]
[Round "9"]
[White "Smirnova, Ekaterina"]
[Black "Klabis, Rokas"]
[Result "0-1"]
[WhiteElo "2178"]
[BlackElo "2333"]
[EventDate "2019.03.18"]
[Board "141"]
[PlyCount "78"]

1.d4 d6 2.e4 Nf6 3.Nc3 e5 4.dxe5 dxe5 5.Qxd8+ Kxd8 6.Bc4 Be6 7.Bxe6 fxe6 
8.Nge2 Nc6 9.Be3 Bd6 10.f3 Ke7 11.O-O h6 12.Na4 g5 13.c4 Kf7 14.c5 Be7 15.
a3 Rhd8 16.Rfd1 b5 17.cxb6 axb6 18.Rxd8 Nxd8 19.Nac3 c5 20.h4 gxh4 21.Bxh6
Nc6 22.Bg5 h3 23.gxh3 Rg8 24.h4 Nh7 25.Kf2 Nxg5 26.hxg5 Bxg5 27.Rh1 Kg6 
28.b4 Nd4 29.bxc5 bxc5 30.a4 Rf8 31.Kg2 Bd8 32.Rf1 Ba5 33.Kg3 Kg5 34.f4+ 
exf4+ 35.Nxf4 Bc7 36.e5 Bxe5 37.Ne4+ Kf5 38.Nxc5 Rg8+ 39.Kf2 Bxf4 0-1

[Event "20th EUR-ch"]
[Site "Skopje MKD"]
[Date "2019.03.27"]
[Round "9"]
[White "Hesse, Henrik"]
[Black "Injac, Teodora"]
[Result "1/2-1/2"]
[WhiteElo "2165"]
[BlackElo "2329"]
[EventDate "2019.03.18"]
[Board "142"]
[PlyCount "50"]

1.c4 Nf6 2.g3 g6 3.Bg2 Bg7 4.Nc3 O-O 5.d3 d6 6.Rb1 a5 7.a3 e5 8.e3 c6 9.e4
Na6 10.Nge2 Re8 11.O-O Be6 12.b3 Qd7 13.f4 exf4 14.Nxf4 Bg4 15.Qc2 Qc7 16.
h3 Bd7 17.Bb2 Nc5 18.Qf2 Bc8 19.e5 dxe5 20.Qxc5 Bf8 21.Qf2 exf4 22.Qxf4 
Qxf4 23.Rxf4 Nh5 24.Rf3 f5 25.a4 Bd6 1/2-1/2

[Event "20th EUR-ch"]
[Site "Skopje MKD"]
[Date "2019.03.27"]
[Round "9"]
[White "Osmanodja, Filiz"]
[Black "Karaoglan, Doruk"]
[Result "1/2-1/2"]
[WhiteElo "2326"]
[BlackElo "2197"]
[EventDate "2019.03.18"]
[Board "143"]
[PlyCount "66"]

1.e4 c5 2.Nf3 d6 3.d4 cxd4 4.Nxd4 Nf6 5.Nc3 g6 6.Be3 Bg7 7.f3 O-O 8.Qd2 
Nc6 9.Bc4 Bd7 10.O-O-O Rb8 11.Bb3 Na5 12.Kb1 b5 13.h4 Nc4 14.Bxc4 bxc4 15.
Ka1 h5 16.Rb1 Re8 17.Bh6 Bh8 18.g4 Qa5 19.gxh5 Nxh5 20.Rhg1 Bf6 21.Bg5 Bh8
22.Nde2 Rb4 23.Be3 Bf6 24.Bd4 Reb8 25.Bxf6 Nxf6 26.h5 Nxh5 27.Rg5 R4b5 28.
Rgg1 Nf6 29.Nf4 Rxb2 30.Rxb2 Rxb2 31.Rxg6+ fxg6 32.Kxb2 Qb4+ 33.Kc1 Kg7 
1/2-1/2

[Event "20th EUR-ch"]
[Site "Skopje MKD"]
[Date "2019.03.27"]
[Round "9"]
[White "Tsvetkov, Andrey"]
[Black "Ivic, Mateo"]
[Result "1-0"]
[WhiteElo "2322"]
[BlackElo "2183"]
[EventDate "2019.03.18"]
[Board "144"]
[PlyCount "71"]

1.d4 Nf6 2.c4 g6 3.Nc3 Bg7 4.e4 d6 5.Be2 O-O 6.Be3 e5 7.d5 Na6 8.g4 Nc5 9.
f3 a5 10.Qd2 c6 11.h4 cxd5 12.cxd5 Bd7 13.h5 a4 14.Nh3 b5 15.Bh6 b4 16.Nd1
Qa5 17.Bxg7 Kxg7 18.Ne3 b3 19.h6+ Kg8 20.a3 Rfc8 21.Nc4 Qxd2+ 22.Kxd2 Ne8 
23.Nb6 Nxe4+ 24.fxe4 Rc2+ 25.Ke3 Rxe2+ 26.Kxe2 Bb5+ 27.Ke3 Rb8 28.Rac1 
Rxb6 29.Rc8 f6 30.g5 Kf7 31.gxf6 Nxf6 32.Ng5+ Ke7 33.Rh8 Rb7 34.Nxh7 Nh5 
35.Ng5 Kd7 36.h7 1-0

[Event "20th EUR-ch"]
[Site "Skopje MKD"]
[Date "2019.03.27"]
[Round "9"]
[White "Rabatin, Jakub"]
[Black "Trajkovski, Mile"]
[Result "1-0"]
[WhiteElo "2313"]
[BlackElo "2105"]
[EventDate "2019.03.18"]
[Board "145"]
[PlyCount "89"]

1.e4 e5 2.Nf3 Nc6 3.Bb5 Nf6 4.d3 Ne7 5.Nc3 c6 6.Bc4 d6 7.d4 exd4 8.Nxd4 b5
9.Bd3 a6 10.Bg5 c5 11.Bxf6 gxf6 12.Nf3 Bb7 13.O-O Bg7 14.Nh4 O-O 15.Qh5 c4
16.Be2 Kh8 17.Rad1 Rc8 18.Nd5 Bxd5 19.exd5 f5 20.b3 f4 21.Bf3 Ng8 22.Nf5 
Be5 23.Rfe1 Nf6 24.Qh4 cxb3 25.cxb3 Rc3 26.Nd4 Nd7 27.Qxd8 Rxd8 28.Nc6 Rg8
29.Kf1 f6 30.Rc1 Rxc1 31.Rxc1 Rc8 32.Bg4 Rc7 33.Bxd7 Rxd7 34.Nb8 Rb7 35.
Rc8+ Kg7 36.Nxa6 Kg6 37.Ke2 Kf5 38.Rc7 Rb6 39.Nb4 Ke4 40.f3+ Kf5 41.Rxh7 
Bc3 42.Nc6 Ra6 43.Kd3 Be1 44.Ke2 Bc3 45.Ne7+ 1-0

[Event "20th EUR-ch"]
[Site "Skopje MKD"]
[Date "2019.03.27"]
[Round "9"]
[White "Marinskii, Yurii"]
[Black "Yordanov, Lachezar"]
[Result "1/2-1/2"]
[WhiteElo "2156"]
[BlackElo "2308"]
[EventDate "2019.03.18"]
[Board "146"]
[PlyCount "47"]

1.e4 c5 2.Nc3 d6 3.g3 g6 4.Bg2 Bg7 5.d3 Nc6 6.f4 e6 7.Nf3 Nge7 8.O-O O-O 
9.Be3 b6 10.d4 d5 11.e5 Nf5 12.Bf2 Ba6 13.Re1 cxd4 14.Nxd4 Ncxd4 15.Bxd4 
Rc8 16.Ne2 Bxe2 17.Rxe2 Nxd4 18.Qxd4 Rc4 19.Qd2 Qc7 20.Rc1 Rc8 21.Bf1 Ra4 
22.a3 Rc4 23.Rf2 Rc5 24.Ba6 1/2-1/2

[Event "20th EUR-ch"]
[Site "Skopje MKD"]
[Date "2019.03.27"]
[Round "9"]
[White "Antova, Gabriela"]
[Black "Janjic, Stefan"]
[Result "0-1"]
[WhiteElo "2286"]
[BlackElo "2086"]
[EventDate "2019.03.18"]
[Board "147"]
[PlyCount "53"]

1.d4 d5 2.c4 e6 3.Nf3 Nf6 4.Nc3 Nbd7 5.Bf4 dxc4 6.e3 Nd5 7.Bxc4 Nxf4 8.
exf4 Bd6 9.g3 Nb6 10.Bb3 Bd7 11.O-O Bc6 12.Re1 O-O 13.Qd3 g6 14.Ne5 Bxe5 
15.fxe5 Qe7 16.Ne4 Bxe4 17.Qxe4 c6 18.h4 Rfd8 19.h5 Qg5 20.hxg6 hxg6 21.
Kg2 Kg7 22.Rh1 Rh8 23.f4 Qe7 24.a3 Rad8 25.Rxh8 Rxh8 26.Qe3 Qd8 27.Rh1 {
54...0-1} 0-1